000
00270nam a22001217a 4500
003
SGT
082
_a
342.094
_b
SUD
100
_a
SUDEEP
245
_a
THE ARTICLE 356 OF THE CONSTITUTION OF INDIA AN ANALYTICAL STUDY
260
_c
2016
300
_a
87
942
_2
ddc
_c
TH
999
_c
17928
_d
17928